| 000 | 00413nam a2200145 a 4500 | ||
|---|---|---|---|
| 001 | 000033641 | ||
| 005 | 20200930070416.0 | ||
| 008 | 110902s1892 sp 000 0 spa d | ||
| 040 |
_aDO-SdBNP _bspa _cBNPHU |
||
| 100 | 1 |
_aColl, José _959116 |
|
| 245 | 1 | 0 |
_aColón y la rábida / _cJosé Coll. |
| 250 | _a2a ed. | ||
| 260 |
_aMadrid : _bImprenta y litografía de los huérfanos, _c1892. |
||
| 300 |
_a489 p. ; _c19 cm. |
||
| 999 |
_c33132 _d33132 |
||